அந்நியன்/ புதியவர் (Record no. 4623)

MARC details
000 -LEADER
fixed length control field 00836nam a22002177a 4500
003 - CONTROL NUMBER IDENTIFIER
control field LK-CoMWRAF
005 - DATE AND TIME OF LATEST TRANSACTION
control field 20240119182759.0
008 - FIXED-LENGTH DATA ELEMENTS--GENERAL INFORMATION
fixed length control field 240115b1995 |||||||| |||| 00| 0 eng d
040 ## - CATALOGING SOURCE
Original cataloging agency LK-CoMWRAF
Modifying agency LK-CoMWRAF
Description conventions LK-CoMWRAF
041 ## - LANGUAGE CODE
Language code of text/sound track or separate title Tamil
082 ## - DEWEY DECIMAL CLASSIFICATION NUMBER
Item number WET
942 ## - ADDED ENTRY ELEMENTS (KOHA)
Koha item type Books
100 ## - MAIN ENTRY--PERSONAL NAME
Personal name வெத்தசிங்ஹ, சிபில்
Personal name (Transliterated) Weththasinghe, Sybil
700 ## - ADDED ENTRY--PERSONAL NAME
Personal name வெத்தசிங்ஹ, சிபில்
Personal name (Transliterated) Weththasinghe, Sybil
Relator Term illustrator
700 ## - ADDED ENTRY--PERSONAL NAME
Personal name ஜயசூரியா, பியாவதி
Personal name (Transliterated) Jayasooriya, Piyawathi
Relator Term editor
700 ## - ADDED ENTRY--PERSONAL NAME
Personal name அருணாசலம், சரோஜினி தேவி
Personal name (Transliterated) Arunachalam, Sarojini Devi
Relator Term translator
245 ## - TITLE STATEMENT
Title அந்நியன்/ புதியவர்
246 ## - VARYING FORM OF TITLE
Title proper/short title Anniyan/ putiyawar
260 ## - PUBLICATION, DISTRIBUTION, ETC. (IMPRINT)
Place of publication, distribution, etc. Colombo:
Name of publisher, distributor, etc. Marga,
Date of publication, distribution, etc. 1995
300 ## - PHYSICAL DESCRIPTION
Extent 10 unnumbered p.
Holdings
Withdrawn status Lost status Damaged status Not for loan Permanent Location Current Location Date acquired Full call number Barcode Koha item type
        Resource center, Muslim Women's Research And Action Forum Resource center, Muslim Women's Research And Action Forum 2024-01-15 WET RAF4741 Books

Copyright © 2023 Muslim Women's Research and Action Forum (MWRAF), No 27/3, Anderson Road, Kalubowila, Dehiwela. Funded by The Asia Fundation